00486nam a2200157 i 450000100060000000300090000600500170001500700030003200800410003510000350007624500500011126000390016130000210020065000230022185200840024485125ES-MaACL20230906175203.0t|041125s1905 fr ||||1| fre d1 aJosserand, Louis (d1848-1941)10aDe l'abus des droits / cpar Louis Josserand. aParis : bArthur Rousseau, c1905. a89 p. ; c23 cm. 4aAbuso del derecho. aES-MaACLjT-1359-F-3 z.- Enc. en un vol. facticio conservando la cub. original